书目信息 |
| 题名: |
生物化学中的物理化学原理和问题
|
|
| 作者: | 普赖斯 , Price , 德韦克 , Dwek 著 ;陈竹生 , 陈竹铭 译 | |
| 分册: | ||
| 出版信息: | 北京 科学出版社 1985 |
|
| 页数: | 322页 | |
| 开本: | 19cm | |
| 丛书名: | ||
| 单 册: | ||
| 中图分类: | Q502 , Q5 | |
| 科图分类: | ||
| 主题词: | 生物化学 | |
| 电子资源: | ||
| ISBN: | ||
| 000 | 01107nam0 2200337 45 | |
| 001 | 0185015686 | |
| 005 | 20040701083617.4 | |
| 010 | @dCNY2.45 | |
| 091 | @a13031.2786 | |
| 100 | @a19951110d1985 em y0chiy0121 ea | |
| 101 | 1 | @achi@ceng |
| 102 | @aCN@b110000 | |
| 105 | @ay z 000yy | |
| 106 | @ar | |
| 200 | 10 | @a生物化学中的物理化学原理和问题@Asheng wu hua xue zhong de wu li hua xue yuan li he wen ti@f(英)普赖斯(Price,N.C.),(英)德韦克(Dwek,R.A.)著@g陈竹生,陈竹铭译 |
| 210 | @a北京@c科学出版社@d1985 | |
| 215 | @a322页@d19cm | |
| 300 | @a书名原文:Principles and Problems nPhysical Chemistry for Biochemisty | |
| 510 | 1 | @aPrinciples and Problems nPhysical Chemistry for Biochemisty@zeng |
| 606 | @a生物化学 | |
| 690 | @aQ502@v3 | |
| 690 | @aQ5@v3 | |
| 701 | 1 | @a普赖斯@bN.C.@4著@Apu lai si |
| 701 | A1 | @aPrice@bN.C.@4著 |
| 701 | 1 | @a德韦克@bR.A.@4著@Ade wei ke |
| 701 | A1 | @aDwek@bR.A.@4著 |
| 702 | 0 | @a陈竹生@4译@Achen zhu sheng |
| 702 | 0 | @a陈竹铭@4译@Achen zhu ming |
| 801 | 0 | @aCN@b深圳图书馆@c20040525 |
| 801 | 2 | @aCN@bNLC@c20040525 |
| 905 | @dQ5@e21@b133469@f1 | |
| 生物化学中的物理化学原理和问题/(英)普赖斯(Price,N.C.),(英)德韦克(Dwek,R.A.)著/陈竹生,陈竹铭译.-北京:科学出版社,1985 |
| 322页;19cm |
| 书名原文:Principles and Problems nPhysical Chemistry for Biochemisty |
| ISBN :CNY2.45 |
| ● |
| 相关链接 |
|
|
|
|
正题名:生物化学中的物理化学原理和问题
索取号:Q5/21
 
预约/预借
| 序号 | 登录号 | 条形码 | 馆藏地/架位号 | 状态 | 备注 |
| 1 | 0133469 | 001942660 | 第三借阅区/ [索取号:Q5/21] | 在馆 | |
| 2 | 0133470 | 000076642 | 第三借阅区/ [索取号:Q5/21] | 在馆 | |
| 3 | 0133471 | 202104285 | 第二样本阅览室/ [索取号:Q5/21] | 在馆 |